00389nam a2200145Ia 4500008004100000020001000041040001600051041001200067082001700079100001900096245007600115250001200191260002400203300001600227230917s9999||||xx |||||||||||||| ||und|| cRS800 e25144aMAIN aEnglish a301.045 C92M aCoser, Lewis A 0aMasters of sociological thought: Ideas in historical and social context a2nd ed. aJaipurbRawatc1996 axxv, 611 p.